Random Base Conversion - Decimal to Binary - Statistics

General Stats
  • This quiz has been taken 182 times
  • The average score is 12 of 20
Answer Stats
Decimal Binary % Correct
0 0
100%
1 1
100%
2 10
100%
4 100
100%
16 10000
100%
32 100000
100%
64 1000000
100%
65 1000001
100%
134 10000110
100%
135 10000111
100%
17 10001
100%
34 100010
100%
69 1000101
100%
138 10001010
100%
35 100011
100%
70 1000110
100%
141 10001101
100%
71 1000111
100%
18 10010
100%
36 100100
100%
74 1001010
100%
75 1001011
100%
19 10011
100%
155 10011011
100%
156 10011100
100%
157 10011101
100%
159 10011111
100%
10 1010
100%
20 10100
100%
41 101001
100%
82 1010010
100%
83 1010011
100%
84 1010100
100%
85 1010101
100%
175 10101111
100%
11 1011
100%
89 1011001
100%
45 101101
100%
91 1011011
100%
186 10111010
100%
47 101111
100%
188 10111100
100%
95 1011111
100%
191 10111111
100%
6 110
100%
24 11000
100%
48 110000
100%
96 1100000
100%
195 11000011
100%
49 110001
100%
99 1100011
100%
50 110010
100%
100 1100100
100%
26 11010
100%
52 110100
100%
208 11010000
100%
209 11010001
100%
55 110111
100%
110 1101110
100%
28 11100
100%
112 1110000
100%
57 111001
100%
114 1110010
100%
228 11100100
100%
58 111010
100%
237 11101101
100%
239 11101111
100%
15 1111
100%
30 11110
100%
245 11110101
100%
31 11111
100%
62 111110
100%
249 11111001
100%
125 1111101
100%
253 11111101
100%
127 1111111
100%
254 11111110
100%
255 11111111
100%
130 10000010
83%
5 101
83%
80 1010000
83%
164 10100100
83%
21 10101
83%
97 1100001
83%
14 1110
83%
40 101000
80%
200 11001000
80%
103 1100111
80%
59 111011
80%
128 10000000
75%
132 10000100
75%
147 10010011
75%
151 10010111
75%
38 100110
75%
178 10110010
75%
90 1011010
75%
203 11001011
75%
27 11011
75%
56 111000
75%
233 11101001
75%
68 1000100
71%
131 10000011
67%
33 100001
67%
133 10000101
67%
140 10001100
67%
146 10010010
67%
78 1001110
67%
158 10011110
67%
81 1010001
67%
42 101010
67%
43 101011
67%
87 1010111
67%
179 10110011
67%
182 10110110
67%
183 10110111
67%
46 101110
67%
92 1011100
67%
184 10111000
67%
185 10111001
67%
196 11000100
67%
205 11001101
67%
104 1101000
67%
210 11010010
67%
214 11010110
67%
216 11011000
67%
111 1101111
67%
224 11100000
67%
227 11100011
67%
29 11101
67%
60 111100
67%
242 11110010
67%
123 1111011
67%
126 1111110
67%
136 10001000
60%
170 10101010
60%
171 10101011
60%
22 10110
60%
192 11000000
60%
193 11000001
60%
207 11001111
60%
212 11010100
60%
218 11011010
60%
250 11111010
60%
139 10001011
57%
173 10101101
56%
8 1000
50%
129 10000001
50%
66 1000010
50%
137 10001001
50%
9 1001
50%
144 10010000
50%
76 1001100
50%
39 100111
50%
160 10100000
50%
165 10100101
50%
88 1011000
50%
23 10111
50%
93 1011101
50%
94 1011110
50%
189 10111101
50%
190 10111110
50%
199 11000111
50%
201 11001001
50%
51 110011
50%
102 1100110
50%
204 11001100
50%
206 11001110
50%
13 1101
50%
211 11010011
50%
54 110110
50%
222 11011110
50%
223 11011111
50%
7 111
50%
226 11100010
50%
115 1110011
50%
230 11100110
50%
234 11101010
50%
235 11101011
50%
121 1111001
50%
122 1111010
50%
124 1111100
50%
63 111111
50%
252 11111100
50%
162 10100010
43%
153 10011001
40%
229 11100101
40%
116 1110100
40%
118 1110110
40%
248 11111000
40%
142 10001110
33%
145 10010001
33%
149 10010101
33%
150 10010110
33%
79 1001111
33%
161 10100001
33%
166 10100110
33%
44 101100
33%
176 10110000
33%
202 11001010
33%
117 1110101
33%
119 1110111
33%
241 11110001
33%
61 111101
33%
246 11110110
33%
217 11011001
25%
231 11100111
25%
67 1000011
0%
143 10001111
0%
72 1001000
0%
73 1001001
0%
37 100101
0%
148 10010100
0%
152 10011000
0%
77 1001101
0%
154 10011010
0%
163 10100011
0%
167 10100111
0%
168 10101000
0%
169 10101001
0%
86 1010110
0%
172 10101100
0%
174 10101110
0%
177 10110001
0%
180 10110100
0%
181 10110101
0%
187 10111011
0%
3 11
0%
12 1100
0%
194 11000010
0%
98 1100010
0%
197 11000101
0%
198 11000110
0%
25 11001
0%
101 1100101
0%
105 1101001
0%
53 110101
0%
106 1101010
0%
213 11010101
0%
107 1101011
0%
215 11010111
0%
108 1101100
0%
109 1101101
0%
219 11011011
0%
220 11011100
0%
221 11011101
0%
225 11100001
0%
113 1110001
0%
232 11101000
0%
236 11101100
0%
238 11101110
0%
120 1111000
0%
240 11110000
0%
243 11110011
0%
244 11110100
0%
247 11110111
0%
251 11111011
0%
No matching quizzes found
Score Distribution
Percent of People with Each Score
Percentile by Number Answered
Your Score History
You have not taken this quiz